000 00328nam a2200145Ia 4500
008 230718s9999 xx 000 0 und d
041 _aEng.
082 _a823.4
_bRUS-D
100 _aRussell, Cary
245 0 _aDociar aho
260 _aPakistan
_bOxford comiversity en
_c1999
300 _a252
650 _aLaw
999 _c26197
_d26197